000 00590nam a2200193 a 4500
001 000010378
005 20240412074217.0
008 091006s1976 dr 000 j spa d
040 _aDO-SdBNP
_bspa
_cBNPHU
082 _aRD863.44
_bG241n
100 1 _aGarrido Puello, E. O.
_984
245 1 0 _aNieblas de otoƱo /
_cE. O. Garrido Puello.
260 _aSanto Domingo :
_bArte y cine,
_c1976.
300 _a102 p. ;
_c20 cm.
590 _aInventariado, 2019/VM
650 0 _aCuentos dominicanos
_9176
650 0 _aLiteratura dominicana.
_967
910 _aValidado. Control de calidad MMOLINA
999 _c10137
_d10137